Municipalities of Fond Du Lac County, Wisconsin - Statistics

General Stats
  • This quiz has been taken 9 times
  • The average score is 13 of 28
Answer Stats
Hint Answer % Correct
"F, D, and L" The biggest city in Fond Du Lac county. (it's very obvious) Fond Du Lac
100%
"N,F,D, and L" Its basically Fond Du Lac but in a direction that has it in it's name. North Fond Du Lac
100%
"E" It is a girl name and referred in the Garden Of what... Eden
80%
"E" _ _ dorado. Eldorado
80%
"F" They contain lots of trees. Forest
80%
"O" A field of a type of tree Oakfield
80%
"O" I'm not joking free answer. Osceola. I'M SORRY I COULDN'T THINK OF ANYTHING. Osceola
80%
"C" It is a name of another county in Wisconsin. Calumet
60%
"C" Camp _ _ _ _ sport Campbellsport
60%
"F" That water tower's size is quite fair...*wink wink* Fairwater
60%
"F" If your a friend with someone you have a... Friendship
60%
"R" In the top left-ish corner of the county. Ripon
60%
"A" Kinda like altitude but take out most of the word and replace the end with a different letter Alto
40%
"B" A common boy name. Brandon
40%
"E" In a monarchy, instead of kingdom's they are referred to as what. Empire
40%
"L" Probably the hardest Municipality and Lamar is part of the word Lamartine
40%
"S and C" Saint _ _ _ _ _. Saint Cloud / St. Cloud
40%
"T" If someone who is really bad at pronouncing English words like the cheetah they would probably say it like this. Taycheedah
40%
"A" Take Ash and something else to make Ash _ _ _ _. Ashford
20%
"A" Another a....take two letters at the start and put them with "burn" to make this. Auburn
20%
"B" Bison? No, change some things about it. Still is 5 letters. Byron
20%
"K" The part of it in the county is VERY VERY SMALL so, I don't know what to say. Kewaskum
20%
"M" Is a bigger city in a different county. Marshfield
20%
"M" Contains only one place and is a main road in Ripon. Also has the tallest hill in Fond Du Lac county names Scott Hill, Metomen
20%
"M and C" (two words) Mount _ _ _ _ _ _ _. Mount Calvary
20%
"R" Kinda sounds like rose. 🤔 Rosendale
20%
"S" I don't know anything for this so free answer! YOU THOUGHT. There is no hint (besides the letter) good luck. Springvale
20%
"W" Google maps always says this wrong🤦: W_ _ _ _ _ Waupun
20%
No matching quizzes found
Score Distribution
Percent of People with Each Score
Percentile by Number Answered
Your Score History
You have not taken this quiz